Loading...

Organizational Behavior: Human behavior at work

Bibliographic Details
Main Author: Newstrom, John W; Davis, Keith
Format: Printed Book
Published: Tata Mc Graw Hill: New Delhi 2005
Edition:11 edition
Subjects:
LEADER 00595nam a2200193 4500
020 |a 70472645  |c 310 
082 |a 658.11 NEW 
100 |a Newstrom, John W; Davis, Keith 
245 |a Organizational Behavior: Human behavior at work  |c Newstrom, John W; Davis, Keith 
250 |a 11 edition 
260 |a Tata Mc Graw Hill: New Delhi  |c 2005 
300 |a 534 p 
490
500
590
650 |a Organizational behaviour 
942 |c BK 
999 |c 139586  |d 139586 
952 |0 0  |1 0  |4 0  |6 658_110000000000000_NEW  |7 0  |9 153046  |a IMK  |b IMK  |g 310.00  |l 0  |o 658.11 NEW  |p IMK06592  |r 2019-10-25  |w 2019-10-25  |y BK